[Event "1st Guwahati GM Open 2022"]
[Site "Guwahati"]
[Date "2022.03.18"]
[Round "8.18"]
[White "Dhananjay S"]
[Black "Gaikwad, Siddhant"]
[Result "1-0"]
[WhiteElo "2310"]
[BlackElo "2016"]
[Annotator "ChessBase"]
[PlyCount "65"]
[EventDate "2022.03.15"]
[EventCountry "IND"]
[SourceTitle "playchess.com"]
[Source "ChessBase"]
[SourceQuality "1"]

1. d4 Nf6 2. c4 g6 3. Nf3 Bg7 4. Nc3 d5 5. Qb3 dxc4 6. Qxc4 O-O 7. e4 Nc6 8. Be2 Bg4 9. d5 Bxf3 10. gxf3 Na5 11. Qd3 c5 12. e5 c4 13. Qd1 Nd7 14. f4 Nc5 15. Be3 Rc8 16. O-O f6 17. Bg4 f5 18. Be2 a6 19. Na4 Nxa4 20. Qxa4 Qxd5 21. Rfd1 Qb5 22. Qxb5 axb5 23. Rd5 c3 24. bxc3 Nc4 25. Bd4 Bh6 26. Rxb5 Bxf4 27. a4 e6 28. Bxc4 Rxc4 29. Rxb7 Ra8 30. a5 Ra6 31. Rb6 Rc6 32. Rxc6 Rxc6 33. a6 1-0

[Event "1st Guwahati GM Open 2022"]
[Site "Guwahati"]
[Date "2022.03.18"]
[Round "8.19"]
[White "Praloy Sahoo"]
[Black "Divya Deshmukh"]
[Result "1/2-1/2"]
[WhiteElo "2047"]
[BlackElo "2301"]
[Annotator "ChessBase"]
[PlyCount "69"]
[EventDate "2022.03.15"]
[EventCountry "IND"]
[SourceTitle "playchess.com"]
[Source "ChessBase"]
[SourceQuality "1"]

1. e4 c5 2. Nf3 d6 3. Bb5+ Nd7 4. O-O a6 5. Bxd7+ Bxd7 6. d4 cxd4 7. Qxd4 e5 8. Qd3 h6 9. c4 b5 10. Nc3 bxc4 11. Qxc4 Nf6 12. Qd3 Be7 13. Nd2 Be6 14. Nc4 Qc7 15. Ne3 O-O 16. b3 Rfc8 17. Bb2 Bf8 18. Kh1 Nd7 19. Rac1 Qb7 20. Ba3 Nc5 21. Bxc5 Rxc5 22. Na4 Rc6 23. Rxc6 Qxc6 24. h3 Rc8 25. Rd1 Be7 26. Nb2 Bh4 27. Kg1 Bg5 28. Nbc4 Bxe3 29. Nxe3 a5 30. Nf5 Bxf5 31. exf5 Qc2 32. Qf3 Qxa2 33. Rxd6 Qa3 34. Rd7 Qc1+ 35. Rd1 1/2-1/2

[Event "1st Guwahati GM Open 2022"]
[Site "Guwahati"]
[Date "2022.03.18"]
[Round "8.20"]
[White "Aaryan Varshney"]
[Black "Neelabh Jyoti Borthakur"]
[Result "1-0"]
[WhiteElo "2277"]
[BlackElo "1780"]
[Annotator "ChessBase"]
[PlyCount "57"]
[EventDate "2022.03.15"]
[EventCountry "IND"]
[SourceTitle "playchess.com"]
[Source "ChessBase"]
[SourceQuality "1"]

1. d4 Nf6 2. c4 e6 3. Nf3 d5 4. Nc3 Ne4 5. g3 Bb4 6. Qc2 c5 7. Bg2 cxd4 8. Nxd4 Qf6 9. Be3 O-O 10. O-O Nxc3 11. bxc3 Bc5 12. Nxe6 Bxe3 13. Nxf8 Bf5 14. Qb3 Bb6 15. c5 Kxf8 16. cxb6 axb6 17. Qxd5 Nc6 18. Rfd1 Kg8 19. Qd6 Be6 20. Bxc6 bxc6 21. Qxc6 Rc8 22. Qxb6 h5 23. a4 Qe5 24. Rd8+ Rxd8 25. Qxd8+ Kh7 26. Qd3+ Bf5 27. Qe3 Qa5 28. Qd4 Qa6 29. c4 1-0

[Event "1st Guwahati GM Open 2022"]
[Site "Guwahati"]
[Date "2022.03.19"]
[Round "9.1"]
[White "Krishna C R G"]
[Black "Delgado Ramirez, Neuris"]
[Result "1/2-1/2"]
[WhiteElo "2466"]
[BlackElo "2615"]
[Annotator "TA"]
[PlyCount "34"]
[EventDate "2022.03.15"]
[EventCountry "IND"]
[SourceTitle "playchess.com"]
[Source "ChessBase"]
[SourceQuality "1"]

{[%evp 13,34,14,13,1,0,13,0,0,0,0,0,0,0,-4,0,0,12,-13,2,0,0,0,7]} 1. d4 Nf6 2. c4 e6 3. g3 d5 4. Bg2 dxc4 5. Nf3 Nc6 6. Qa4 Bb4+ 7. Bd2 Nd5 {The position is equal.} 8. Qb5 {E04: Open Catalan: 5 Nf3.} Bxd2+ 9. Nbxd2 c3 10. bxc3 Nxc3 11. Qc4 {11.Qb3 gains popularity.} Nd5 12. O-O O-O 13. Rfc1 {[#]} Nb6 $146 ({Predecessor:} 13... Qe7 14. e3 Rd8 15. Rab1 Ndb4 16. Qb3 a5 17. a3 a4 18. Qd1 Nd5 19. Ra1 Bd7 20. Nc4 Be8 21. Qc2 f6 22. Qb2 b5 23. Ncd2 Na5 {½-½ (41) Rodriguez Rodriguez,J (2353)-Rodriguez Hernandez,L (2314) Havana 2018}) 14. Qc3 Nd5 15. Qc4 {[%mdl 1024] White has compensation.} Nb6 16. Qc3 Nd5 17. Qc4 Nb6 {A balanced but interesting game.  Weighted Error Value: White=0.04 (flawless) /Black=0.03 (flawless)} 1/2-1/2

[Event "1st Guwahati GM Open 2022"]
[Site "Guwahati"]
[Date "2022.03.19"]
[Round "9.2"]
[White "Das, Sayantan"]
[Black "Fawzy, Adham"]
[Result "0-1"]
[WhiteElo "2459"]
[BlackElo "2476"]
[Annotator "TA"]
[PlyCount "84"]
[EventDate "2022.03.15"]
[EventCountry "IND"]
[SourceTitle "playchess.com"]
[Source "ChessBase"]
[SourceQuality "1"]

{[%evp 9,84,-3,3,0,5,-14,0,0,0,0,0,0,0,0,0,-38,-36,-39,40,32,40,37,38,-8,-2,-13,-12,-10,-13,-17,0,-25,0,-10,0,-23,-23,-23,-17,-125,-127,-199,-216,-295,-307,-306,-306,-354,-316,-313,-356,-363,-340,-368,-364,-364,-291,-357,-230,-469,-332,-579,-550,-2022,-1492,-5431,-5539,-5539,-5535,-29978,-29979,-29979,-29974,-29973,-29974,-29972,-29962]} 1. e4 c5 2. Nf3 Nc6 3. Bb5 g6 4. c3 Nf6 5. Qe2 e5 6. O-O {B31: Sicilian: 2...Nc6 3 Bb5 g6.} Bg7 $1 7. Bxc6 bxc6 8. Nxe5 {The position is equal.} O-O 9. d3 Re8 10. Nf3 d5 11. Bg5 Qb6 12. Bxf6 Bxf6 {[#]} 13. Re1 $146 ({Predecessor:} 13. e5 Bg4 14. d4 Bxf3 15. Qxf3 Bxe5 16. dxe5 Qxb2 17. Na3 Qxa3 18. Qe3 Rad8 19. f4 {0-1 (55) Smirin,I (2594)-Eljanov,P (2655) Netanya 2019}) 13... Rb8 ({Better is} 13... Bg4 $15) 14. Nbd2 $1 $14 Bg7 (14... Qxb2 $2 15. Rab1 $18) 15. Qe3 Be6 16. e5 (16. Rab1 $14) 16... c4 $11 17. Qxb6 Rxb6 18. dxc4 Rxb2 19. cxd5 Bxd5 20. h3 f5 21. c4 Be6 22. Reb1 {[#]} Rxd2 23. Nxd2 Bxe5 24. Kf1 {White is now going downhill.} (24. a3 $11 {keeps the balance.}) 24... Rd8 $17 {Black is more active.} ({Reject} 24... Bxa1 $6 25. Rxa1 Kf7 26. Rb1 $11) 25. Ke2 (25. Nf3 $17 {keeps fighting.} Bxa1 26. Rxa1) 25... Bc3 $19 26. Rd1 Rxd2+ 27. Rxd2 Bxc4+ ({Inferior is} 27... Bxa1 28. Rd8+ Kf7 29. Kd3 $17) 28. Kd1 {[#] Rd8+ is the strong threat.} Bxa1 {A strong pair of Bishops.} 29. Rd8+ Kf7 30. Rd7+ Ke6 31. Rxa7 h5 32. Ra8 c5 {[%cal Bc6c5,Bc5c4,Bc4c3][%mdl 32]} 33. f3 f4 {And now ...Bd4 would win.} 34. Kd2 $2 (34. a4 {was forced.}) 34... Kd6 {Hoping for ...Be6.} 35. Kc2 $2 (35. a4 {was necessary.}) 35... Be6 {aiming for ...c4.} 36. a4 c4 37. a5 Bf5+ 38. Kc1 Kc7 {( -> ...c3)} 39. a6 c3 {Black mates.} 40. Ra7+ Kb6 41. Rb7+ Kxa6 42. Rb3 Bb2+ {Weighted Error Value: White=0.81/Black=0.14 (very precise)} 0-1

[Event "1st Guwahati GM Open 2022"]
[Site "Guwahati"]
[Date "2022.03.19"]
[Round "9.3"]
[White "Ponkratov, Pavel"]
[Black "Mirzoev, Azer"]
[Result "1-0"]
[WhiteElo "2641"]
[BlackElo "2468"]
[Annotator "TA"]
[PlyCount "91"]
[EventDate "2022.03.15"]
[EventCountry "IND"]
[SourceTitle "playchess.com"]
[Source "ChessBase"]
[SourceQuality "1"]

{[%evp 10,91,17,5,14,-31,-21,-4,-4,-47,-8,-22,-10,-56,10,6,72,70,76,58,60,29,88,8,5,5,8,-42,-50,-42,-41,-79,-77,-72,-53,-41,0,-8,0,0,0,0,0,0,0,0,0,-16,-7,-19,12,22,275,275,262,255,426,450,414,459,467,459,426,398,477,470,457,469,894,887,589,570,567,550,499,455,1146,1124,4702,1775,1981,1888,1062,975]} 1. e4 e6 2. d4 d5 3. e5 c5 4. c3 Bd7 5. Nf3 Qb6 6. Bd3 cxd4 {C02: French: Advance Variation.} 7. O-O (7. Nxd4 $11 {might be stronger.} Bc5 8. Qg4) 7... Nc6 $15 8. Re1 Nge7 {The position is equal.} 9. h4 (9. Nbd2 $11) 9... h6 10. a3 $5 {[%mdl 4] [#] Leaves trodden paths.} a6 $146 ({Predecessor:} 10... Rc8 11. b4 a6 12. Bb2 g5 13. Nh2 Bg7 14. Ng4 gxh4 15. cxd4 h5 16. Nf6+ Bxf6 17. exf6 {1-0 (26) Vachier Lagrave,M (2763)-Ponkratov,P (2659) Riga 2021}) 11. h5 (11. c4 $11) 11... Rd8 ({Black should try} 11... Rc8 $15) 12. b4 $11 Nc8 (12... dxc3 $11 {keeps the balance.} 13. Nxc3 Nd4) 13. Nxd4 $1 $16 {White is more active.} Nxd4 14. Be3 {[%mdl 64] Pin} Ne7 {[%cal Od8c8]} 15. cxd4 Nf5 (15... Rc8 $11 {remains equal.}) 16. Nc3 (16. Bxf5 $16 exf5 17. Nc3) 16... Nxe3 $11 17. fxe3 Be7 18. Qf3 (18. Na4 $11 Qa7 19. Nc5) 18... O-O $15 19. Rf1 Rc8 20. Ne2 Bb5 21. Rad1 Bxd3 22. Rxd3 Rc2 23. Nc3 $1 {Threatens to win with Qd1.} Qc6 24. e4 dxe4 $1 25. Nxe4 Rc1 26. Rxc1 Qxc1+ 27. Kh2 Rd8 28. Rd1 Qc6 29. Qf4 Rd7 30. Rd3 {[%cal Bd1d3,Bd3g3,Bg3c3,Bc3c8,Bc8e8][%mdl 32]} Kh8 $2 {[%mdl 8192] [#] Loses the game.} (30... Rc7 $11 {and Black stays safe.}) 31. Rg3 $1 $18 {[%cal Of4f7]} Qc8 (31... Bf8 {[#] gets mated.} 32. Nf6 $1 {[%mdl 512]} g5 33. hxg6 Bg7 34. gxf7) 32. Qxf7 $40 {[%csl Gg3][%cal Rf7g7][%mdl 128] White has strong attack.} Bh4 $2 {[#]} (32... Qf8 {is a better defense.} 33. Qxf8+ (33. Qxe6 Rxd4 34. Rf3 Qe8 $16) 33... Bxf8) 33. Rc3 $1 {[%mdl 512]} Rxf7 34. Rxc8+ {[%mdl 4096] Endgame KRB-KRN} Kh7 35. g3 Bg5 36. Re8 Rd7 37. Nc5 {White is clearly winning.} Rxd4 38. Nxe6 Re4 (38... Rd2+ $142 39. Kh3 Rd3) 39. Nf8+ Kg8 40. e6 {Ng6+ would kill now.} g6 41. Nxg6+ Kg7 42. e7 {Black must now prevent Rb8.} b5 (42... b6 $142 43. Rb8 Re2+ 44. Kh3 Bxe7 45. Rxb6 Bg5 46. Rxa6 Rb2) 43. Kg2 Bf6 44. Kf3 Re1 45. Kf4 Re2 46. Kf5 {Weighted Error Value: White=0.12 (very precise) /Black=0.38} 1-0

[Event "1st Guwahati GM Open 2022"]
[Site "Guwahati"]
[Date "2022.03.19"]
[Round "9.4"]
[White "Saptarshi, Roy"]
[Black "Visakh N R"]
[Result "0-1"]
[WhiteElo "2402"]
[BlackElo "2522"]
[Annotator "TA"]
[PlyCount "49"]
[EventDate "2022.03.15"]
[EventCountry "IND"]
[SourceTitle "playchess.com"]
[Source "ChessBase"]
[SourceQuality "1"]

{[%evp 11,49,0,0,0,8,-20,0,-3,-5,-99,-89,-70,-70,-112,-105,-162,-150,-170,-145,-161,-72,-218,-225,-191,-234,-249,-253,-462,-450,-458,-440,-487,-489,-453,-479,-554,-553,-578,-550,-456]} 1. e4 e5 2. d4 exd4 3. Qxd4 Nc6 4. Qe3 g6 5. Bd2 Bg7 6. Nc3 Nf6 $1 7. O-O-O {C22: Centre Game.} O-O $1 8. Qg3 d5 9. exd5 {[#] The position is equal.} Nb4 $146 {Strongly threatening ...Bf5.} (9... Nxd5 $2 10. Bg5 f6 11. Bc4 $18) ({Predecessor:} 9... Nxd5 10. Bg5 Nce7 11. Nxd5 Nf5 12. Bxd8 Nxg3 13. Ne7+ Kh8 14. hxg3 Be6 15. Bxc7 Rfe8 16. Bd6 Rad8 17. Bb5 Rxe7 18. Bxe7 Bxb2+ 19. Kxb2 Rxd1 20. Be2 {1-0 (20) Perez Mitjans,O (2457)-Gerss,M (1849) Barcelona 2011}) 10. Bc4 (10. Nf3 $11 {keeps the balance.}) 10... Bf5 $17 (10... Nbxd5 $2 11. Bxd5 Nxd5 12. Bg5 $18) 11. Bb3 a5 $1 {[%cal Oa5a4]} (11... Nfxd5 $2 12. Nxd5 Nxd5 13. Bg5 $18) 12. a4 {[#]} (12. Qh4 $1 $15) 12... b5 $1 {...bxa4 is the strong threat. Black is more active.} (12... Nfxd5 13. Bg5 Qe8 14. Bxd5 $14 (14. Nxd5 Nxd5 15. Rxd5 b5 $16)) (12... Nbxd5 $2 13. Bxd5 Bxc2 14. Kxc2 $18 (14. Bxf7+ Rxf7 15. Kxc2 Nd5 $18)) 13. Nge2 (13. Nf3 $17) 13... bxa4 $19 14. Bxa4 Nfxd5 15. Nxd5 {aiming for Bg5.} Nxd5 (15... Na2+ $19 {has better winning chances.} 16. Kb1 Qxd5) 16. Bg5 {This costs White the game.} (16. Be3 $17) 16... Qb8 17. Qa3 Nb6 18. Bb3 Qb7 {Threatens to win with ...Rab8.} 19. f3 $2 {[#]} (19. Be3) 19... a4 {Black is clearly winning.} 20. Ba2 Be6 ({Weaker is} 20... Qc6 21. c3 $17) 21. Bxe6 fxe6 22. Qa2 {To avoid Nc4} Nd5 {Prevents Nf4.} 23. Rd3 Rfb8 24. c3 c5 25. Rhd1 {Weighted Error Value: White=0.47/Black=0.06 (flawless)} 0-1

[Event "1st Guwahati GM Open 2022"]
[Site "Guwahati"]
[Date "2022.03.19"]
[Round "9.6"]
[White "Sidhant, Mohapatra"]
[Black "Tahbaz, Arash"]
[Result "1-0"]
[WhiteElo "2359"]
[BlackElo "2469"]
[Annotator "TA"]
[PlyCount "85"]
[EventDate "2022.03.15"]
[EventCountry "IND"]
[SourceTitle "playchess.com"]
[Source "ChessBase"]
[SourceQuality "1"]

{[%evp 18,85,35,21,31,27,33,0,0,-2,-13,-72,-63,-64,-62,-73,0,-92,-86,-103,-110,-125,-109,-120,-119,-148,-101,-117,41,17,36,0,0,0,0,0,52,54,33,0,0,0,173,109,256,229,187,42,393,393,662,170,163,162,137,86,372,403,6705,6689,1306,150,902,902,29976,29977,29991,29992,29992,29992]} 1. e4 c5 2. Nf3 d6 3. d4 cxd4 4. Nxd4 Nf6 5. Nc3 Nc6 6. Bg5 e6 7. Qd2 a6 8. O-O-O Bd7 9. f3 Be7 10. h4 h6 {B67: Sicilian: Richter-Rauzer: 7...a6 8 0-0-0 Bd7, lines without 9 f4 Be7.} 11. Be3 h5 {Inhibits g4.} 12. Kb1 $1 {[%mdl 4] is recently more successful than 12.Bg5.} Ne5 {The position is equal.} 13. f4 Neg4 14. Bg1 (14. Be2 $11) 14... b5 $1 $17 {White must now prevent ...b4.} 15. Bd3 Qc7 {[#]} (15... b4 $5 16. Nce2 a5 $11) 16. Nce2 $146 ({Predecessor:} 16. Re1 b4 17. Nd1 Rb8 18. Ne3 a5 19. b3 a4 20. Nxg4 Nxg4 21. Bc4 O-O 22. Nf3 {0-1 (42) Balashov,Y (2455)-Sargsyan,S (2642) Cheliabinsk 2021}) 16... e5 ({Black should play} 16... O-O $17) 17. Nf3 (17. Nf5 $11 {remains equal.}) 17... O-O 18. Ng3 a5 19. f5 b4 20. Nh2 Nxh2 $1 21. Rxh2 a4 (21... d5 $142 22. exd5 a4) 22. Be3 (22. Qxb4 Rfb8 23. Qa3 Qb7 $19) 22... b3 $2 ({Better is} 22... d5 $17 {And now ...Rfd8 would win.} 23. Bg5 (23. exd5 $2 e4 $19) 23... a3 24. Bxf6 Bxf6) 23. Bg5 $14 bxc2+ 24. Bxc2 {Hoping for Bxf6.} (24. Qxc2 {keeps more tension.} Qxc2+ 25. Bxc2 Rfb8 26. Rh3 Kf8 27. Bxf6 Bxf6 28. Nxh5 Be7 29. g4) 24... Rfb8 25. Bxf6 Bxf6 26. Nxh5 Rb6 (26... Be7 $11) 27. Nxf6+ (27. Rh3 $5 {[%cal Rh5f6]} Rab8 28. Nxf6+ gxf6 29. b3 axb3 30. Bxb3 $14) 27... gxf6 28. Ka1 {Threatens to win with Rh3.} (28. Rh3 $5 {[%cal Rd2h6]} Rab8 29. b3 axb3 30. Bxb3 $14) 28... Rab8 29. Rb1 {aiming for Rh3.} Kf8 $2 (29... a3 $11 30. b3 (30. bxa3 Rxb1+ 31. Bxb1 Rxb1+ 32. Kxb1 Qb6+ 33. Kc2 Ba4+ 34. Kc3 Qc5+ 35. Kb2 Qb5+ 36. Qb4 Qe2+ 37. Kb1 Qd1+ 38. Kb2 Qe2+ 39. Ka1 Qd1+ 40. Kb2 Qe2+ $11) 30... d5) 30. g4 (30. a3 $18) 30... Qc5 (30... a3 $16 31. b3 (31. bxa3 Ba4 $14) 31... Rc8) 31. g5 $18 {[%cal Bg4g5,Bg5f6][%mdl 32]} a3 32. b3 (32. gxf6 $18 {White wants to mate with Qh6+.} axb2+ 33. Rxb2 $3 {[%mdl 512]}) 32... Rb4 $2 {[%mdl 8192]} (32... Bxf5 $1 $14 33. gxf6 (33. exf5 $2 e4 $17) 33... Bh7) 33. gxf6 {Intending Qh6+ and mate.} Bc6 $2 (33... Ke8 34. Rc1 Rd4) 34. Rh3 $2 (34. Rc1) 34... Bxe4 35. Bxe4 $40 {[%mdl 128] White attacks with force. Chess con chili.} Rxe4 36. Rd3 ({Much worse is} 36. Qh6+ $6 Ke8 37. Qd2 (37. Qh8+ {leads to mate.} Kd7 38. Rd3 Rxh8 39. Rbd1 Rd4 40. Kb1 Rc8 41. R3d2 Rxd2 42. Rh1 Qc2+ 43. Ka1 Qxa2#) 37... Re2 $1 38. Qxe2 Qd4+ 39. Rb2 axb2+ 40. Qxb2 Qd1+ 41. Qb1 Qd4+ 42. Qb2 Qd1+ 43. Qb1 Qd4+ 44. Qb2 $11) (36. Rg3 $142 $1 {Strongly threatening Rc1.} Rxh4 37. Rc1 Qd4+ 38. Qxd4 exd4 39. b4) 36... Ke8 $2 {[%mdl 8192]} (36... Rg4 $16 {was called for.}) 37. Rc1 Qb4 (37... Re2 $142 38. Qg5 (38. Rxc5 Rxd2 39. Rxe5+ dxe5 $16) 38... Rc2 39. Qg8+ Kd7 40. Qxf7+ Kc8 41. Rxc2 Qxc2 42. Qe6+ Kb7 43. Qd7+ Qc7 44. Rxd6 Qxd7 45. Rxd7+ Kc6) 38. Qg2 d5 39. Qc2 $2 (39. h5 $18 {White threatens h6 and mate.} Rd8 {[#]} 40. Rxd5 $3 {[%mdl 512]} Qc3+ 41. Kb1 Qb2+ 42. Qxb2 axb2 43. Rxd8+ Kxd8 44. Rh1) 39... Qd6 $2 (39... Rc4 $16 40. bxc4 Qb2+ 41. Qxb2 axb2+ 42. Kb1 bxc1=N+ 43. Kxc1 dxc4) 40. Rg3 {[%cal Bd3g3,Bg3g7,Bg7f7,Bf7e7][%mdl 32]} Kd7 41. Rg7 {White mates.} Rf8 {[#]} 42. Rxf7+ $1 {[%mdl 512]} Ke8 43. Re7+ {Weighted Error Value: White=0.56/Black=0.90} 1-0

[Event "1st Guwahati GM Open 2022"]
[Site "Guwahati"]
[Date "2022.03.19"]
[Round "9.7"]
[White "Rios, Cristhian Camilo"]
[Black "Dhananjay S"]
[Result "1/2-1/2"]
[WhiteElo "2449"]
[BlackElo "2310"]
[Annotator "TA"]
[PlyCount "135"]
[EventDate "2022.03.15"]
[EventCountry "IND"]
[SourceTitle "playchess.com"]
[Source "ChessBase"]
[SourceQuality "1"]

{[%evp 11,135,5,12,15,13,9,20,0,-20,-20,-16,-44,-34,-34,-45,-39,-25,-25,-25,-35,-10,-24,-10,-32,-30,-27,-16,-42,0,5,20,22,25,0,0,0,0,0,0,0,0,0,8,8,8,0,0,0,522,522,521,514,506,432,578,550,587,487,533,445,2884,1279,3168,3168,3168,3168,2952,2714,2972,3161,3168,3168,5073,2985,2972,2972,2979,2985,2992,2952,2952,2937,2937,2937,2937,0,2945,0,2923,2944,2784,2040,1460,1378,654,431,431,431,431,431,431,408,408,408,408,408,408,408,408,408,408,408,408,408,408,408,408,408,408,408,408,408,408,408,408,0]} 1. d4 d5 2. c4 c6 3. Nf3 Nf6 4. Nc3 e6 5. Bg5 Nbd7 6. Qb3 h6 7. Bh4 {D43: Semi-Slav: 5 Bg5 h6.} dxc4 8. Qxc4 a6 9. e4 {The position is equal.} b5 10. Qd3 c5 11. dxc5 Bxc5 12. Be2 {[#]} Bb7 $146 ({Predecessor:} 12... b4 13. Na4 Be7 14. e5 Nd5 15. Bxe7 Qxe7 16. Rc1 Bb7 17. Qd4 O-O 18. O-O Rfc8 {½-½ (44) Mishra,A (2517)-Park,E (2168) Charlotte 2021}) 13. a3 Be7 14. Rd1 O-O 15. O-O Qb6 (15... Re8 {is interesting.} 16. Qd2 e5 17. Bg3 Qc7 18. Rc1 Rad8) 16. e5 Bxf3 (16... Nc5 $2 17. Qc2 $18) 17. exf6 Bxe2 18. Qxd7 Bxf6 19. Bxf6 Bxd1 (19... Bxf1 $15 20. Bd4 Qb8 21. Kxf1 (21. Rxf1 $2 Rd8 $19) 21... Qxh2) 20. Bd4 $11 Qa5 {[#] Strongly threatening ...Bc2.} 21. Rxd1 Rad8 22. Qb7 Rd6 {[%cal Oe6e5]} 23. Qe4 Rfd8 24. f4 b4 25. axb4 Qxb4 26. Ne2 Rxd4 27. Nxd4 $40 {[%mdl 128] [#] Black must now prevent b3. White is up to no good.} Qxb2 28. Kf1 a5 29. Qe2 Rxd4 $4 {[%mdl 8192]} 30. Qxb2 $18 Rxd1+ $11 {[%mdl 4096] Endgame KQ-KR} 31. Ke2 Rd5 32. g4 h5 33. h3 hxg4 34. hxg4 g6 35. Qf6 Rb5 (35... a4 $142 36. Qe7 Kg7) 36. Kd3 $18 Rd5+ 37. Kc4 Rd1 38. Kb5 Rd5+ 39. Kb6 a4 40. Qa1 Rd3 41. Qxa4 Rd5 42. Qa1 Rd3 43. Kc6 Rd5 44. Qc3 Rd1 45. Qf6 Rd3 46. Kc5 Rd5+ 47. Kc4 {[%cal Of4f5]} Rd1 48. Kc5 Rd5+ 49. Kc6 {[%cal Of4f5] Threatens to win with f5!} Rd3 $1 50. Qb2 Rd1 51. Qc3 Rd8 52. Qg3 {f5 is the strong threat.} Rd1 53. f5 exf5 54. gxf5 {Intending Qb8+ and mate.} Rf1 55. Qb8+ Kh7 56. fxg6+ fxg6 {White is winning.} 57. Kd6 Rd1+ 58. Ke5 Re1+ 59. Kf4 {aiming for Qa7+.} Rf1+ 60. Kg3 Rf5 61. Qc7+ Kg8 62. Kg4 Kh8 63. Qd8+ Kg7 64. Qb8 Kh7 65. Qh2+ Kg7 66. Qh4 Rf7 67. Qg5 Rf5 68. Qxf5 $2 {Weighted Error Value: White=0.15 (very precise) /Black=0.38} 1/2-1/2

[Event "1st Guwahati GM Open 2022"]
[Site "Guwahati"]
[Date "2022.03.19"]
[Round "9.8"]
[White "Aaryan Varshney"]
[Black "Shyaamnikhil P"]
[Result "1/2-1/2"]
[WhiteElo "2277"]
[BlackElo "2442"]
[Annotator "TA"]
[PlyCount "60"]
[EventDate "2022.03.15"]
[EventCountry "IND"]
[SourceTitle "playchess.com"]
[Source "ChessBase"]
[SourceQuality "1"]

{[%evp 14,60,21,7,12,0,-2,-2,11,12,34,4,31,0,4,-6,10,0,11,0,16,0,0,0,0,13,0,14,8,0,0,0,0,0,0,0,0,-23,35,26,41,33,50,50,64,21,21,22,37]} 1. d4 d6 2. Nf3 g6 3. c4 Bg7 4. Nc3 e5 5. dxe5 dxe5 6. Qxd8+ Kxd8 7. Bg5+ {[%cal Bc1g5,Bg5h4,Bh4g3,Bg3h2][%mdl 32]} f6 8. O-O-O+ Ke8 {A41: 1 d4 d6: Tartakower System and Modern Defence.} 9. Bh4 Be6 10. e3 g5 11. Bg3 {[#]} Ne7 $146 ({Predecessor:} 11... Nh6 12. Be2 Nf7 13. Nd2 h5 14. f4 h4 15. Bf2 g4 16. Nde4 Na6 17. c5 f5 {1-0 (41) Mattick,L (2292)-Berger,S (2410) Berlin 2008}) 12. h3 h5 13. Bd3 Nf5 14. Bh2 c6 15. Nd2 Nd7 16. Nde4 Bf8 {[%cal Bg7f8,Bf8d6,Bd6c7,Bc7b6][%mdl 32]} 17. g4 Nd6 18. Nxd6+ Bxd6 19. Bf5 Ke7 20. Ne4 Bc7 21. Bg3 Rad8 22. b3 Bxf5 23. gxf5 h4 24. Bh2 Bb6 25. b4 {Prevents Nc5. And now Rd6 would win.} Nb8 ({Black should try} 25... Bc7 $11) 26. Kc2 $14 Rhg8 27. Rhg1 Na6 28. a3 Nb8 29. Rd3 {White is more active.} (29. Rxd8 $14 {is superior.} Bxd8 30. f4) 29... Rxd3 $11 30. Kxd3 Rd8+ {Weighted Error Value: White=0.09 (flawless) /Black=0.11 (very precise)} 1/2-1/2